00681nam a2200169 a 450000100100000000500170001000800410002704000250006810000270009324501110012026000370023130000210026850000630028970000370035295201050038999900170049400003828020201002031221.0130408s1996 dr 000 0 spa d aDO-SdBNPbspacBNPHU1 aSoto, Abigaíl96464910aHistoria del movimiento detallista en República Dominicana /cAbigaíl Soto ; prólogo José Ureña. aSanto Domingo :bCollado,c1996. a224 p. ;c22 cm. aIncluye datos biográficos del autor en la contracubierta1 aUreña, José,epról.964650 0010718PDaPDbPDcCTd2013-04-08iLF1l0o p38280-10r2020-06-25w2020-06-25yLFPDZNo se presta c37770d37770